| 000 | 00348nam a22001337a 4500 | ||
|---|---|---|---|
| 082 | _a620.1 SIN'E | ||
| 100 |
_aSINGER, F. L _965249 |
||
| 245 | _aENGINEERING MECHANICA , STATES AND DYNAMICS | ||
| 250 | _a3RD | ||
| 260 |
_aNEWYORK _bHAPPER & ROW _c1975 |
||
| 300 | _a731P | ||
| 650 |
_aENGINEERING MECHANICS MECHANICS APPLIED _959884 |
||
| 942 | _cBK | ||
| 999 |
_c573520 _d573520 |
||